书目信息 |
| 题名: |
晚清最后十八年
|
|
| 作者: | 黄治军, 著 | |
| 分册: | 1 从甲午战争到辛亥革命 | |
| 出版信息: | 北京 华文出版社 2019 |
|
| 页数: | 381页 | |
| 开本: | 24cm | |
| 丛书名: | ||
| 单 册: | ||
| 中图分类: | K252.07 | |
| 科图分类: | ||
| 主题词: | 中国历史--zhong guo li shi--研究--清后期 | |
| 电子资源: | ||
| ISBN: | 978-7-5075-4966-9 | |
| 000 | 01159nam 2200265 450 | |
| 001 | 012001009440 | |
| 005 | 20191029104327.43 | |
| 010 | @a978-7-5075-4966-9@dCNY58.00 | |
| 099 | @aCAL 012019050833 | |
| 100 | @a20190420d2019 em y0chiy50 ea | |
| 101 | 0 | @achi |
| 102 | @aCN@b110000 | |
| 105 | @aa a 000yy | |
| 106 | @ar | |
| 200 | 1 | @a晚清最后十八年@Awan qing zui hou shi ba nian@h1@i从甲午战争到辛亥革命@f黄治军著 |
| 210 | @a北京@c华文出版社@d2019 | |
| 215 | @a381页@c图@d24cm | |
| 320 | @a有书目 (第380-381页) | |
| 330 | @a本书内容从1894年中日甲午海战爆发前夕的袁世凯事迹开始,写到1898年10月戊戌变法失败慈禧夺权,中国走到了历史的十字路口结束。书中前半部分以令人吃惊和信服的细节,还原了甲午战争的全部过程,讲清了甲午战争前因后果、清日双方的兵力对比、战略战术安排、胜败原因;后半部分讲清了戊戌变法暴发的原因、详细过程、各派人物的反应以及变法失败原因的总结。 | |
| 517 | 1 | @a从甲午战争到辛亥革命@Acong jia wu zhan zheng dao xin hai ge ming |
| 606 | 0 | @a中国历史@Azhong guo li shi@x研究@z清后期 |
| 690 | @aK252.07@v5 | |
| 701 | 0 | @a黄治军,@Ahuang zhi jun@f1981-@4著 |
| 801 | 0 | @aCN@b上海新华@c20191020 |
| 905 | @b1188197-200@dK252.07@e33:1@f4 | |
| 晚清最后十八年.1.从甲午战争到辛亥革命/黄治军著.-北京:华文出版社,2019 |
| 381页:图;24cm |
| ISBN 978-7-5075-4966-9:CNY58.00 |
| 本书内容从1894年中日甲午海战爆发前夕的袁世凯事迹开始,写到1898年10月戊戌变法失败慈禧夺权,中国走到了历史的十字路口结束。书中前半部分以令人吃惊和信服的细节,还原了甲午战争的全部过程,讲清了甲午战争前因后果、清日双方的兵力对比、战略战术安排、胜败原因;后半部分讲清了戊戌变法暴发的原因、详细过程、各派人物的反应以及变法失败原因的总结。 |
| ● |
| 相关链接 |
|
|
|
|
正题名:晚清最后十八年
索取号:K252.07/33:1
 
预约/预借
| 序号 | 登录号 | 条形码 | 馆藏地/架位号 | 状态 | 备注 |
| 1 | 1188197 | 211881971 | 第二样本阅览室/ [索取号:K252.07/33:1] | 在馆 | |
| 2 | 1188198 | 211881980 | 第二借阅区/ [索取号:K252.07/33:1] | 在馆 | |
| 3 | 1188199 | 211881999 | 第二借阅区/ [索取号:K252.07/33:1] | 在馆 | |
| 4 | 1188200 | 211882006 | 第二借阅区/ [索取号:K252.07/33:1] | 在馆 |